[Event "XXXII Festival A"]
[Site "Arco ITA"]
[Date "2010.10.18"]
[Round "3"]
[White "Pegoraro, Nicola"]
[Black "Kierzek, Matthias"]
[Result "0-1"]
[WhiteElo "1975"]
[BlackElo "2145"]
[PlyCount "34"]
[EventDate "2010.10.16"]

1. e4 c6 2. d4 d5 3. Nc3 dxe4 4. Bc4 Nf6 5. f3 exf3 6. Nxf3 Bf5 7. Ne5 e6 8. g4
Nfd7 9. gxf5 Nxe5 10. Be2 Qh4+ 11. Kf1 Qh3+ 12. Ke1 Be7 13. dxe5 Qg2 14. Kd2
Na6 15. Qf1 O-O-O+ 16. Nd5 Rxd5+ 17. Kc3 Qe4 0-1

[Event "XXXII Festival A"]
[Site "Arco ITA"]
[Date "2010.10.18"]
[Round "3"]
[White "Pretto, Aldo"]
[Black "Garvani, Vittorio"]
[Result "0-1"]
[WhiteElo "1741"]
[BlackElo "1940"]
[PlyCount "94"]
[EventDate "2010.10.16"]

1. Nf3 d5 2. g3 c6 3. Bg2 Bg4 4. O-O Nd7 5. d3 Ngf6 6. Nbd2 e6 7. h3 Bxf3 8.
Nxf3 Bc5 9. Qe1 Qc7 10. Bd2 O-O-O 11. b4 Bd6 12. a4 Ne5 13. b5 Nxf3+ 14. Bxf3
c5 15. Ba5 b6 16. Bd2 e5 17. e4 d4 18. a5 Kd7 19. Qe2 Ke7 20. Ra2 Qd7 21. axb6
axb6 22. Ra6 Rb8 23. Rfa1 Rb7 24. Bg2 Qxb5 25. f4 Qd7 26. fxe5 Bxe5 27. Bf4 Qc7
28. Qf3 h6 29. Bxe5 Qxe5 30. Qf4 Nd7 31. Ra7 Rhb8 32. h4 b5 33. Bh3 Qxf4 34.
gxf4 Nb6 35. Bg2 Na4 36. Ra5 Rc7 37. e5 Nc3 38. Kf2 c4 39. Ra7 Rxa7 40. Rxa7+
Kf8 41. Ke1 cxd3 42. cxd3 b4 43. Bc6 b3 44. Ba4 Nxa4 45. Rxa4 b2 46. Rxd4 b1=Q+
47. Ke2 Rb2+ 0-1

[Event "XXXII Festival A"]
[Site "Arco ITA"]
[Date "2010.10.18"]
[Round "3"]
[White "Proietti, Tosca"]
[Black "Teodonio, Fabrizio"]
[Result "1/2-1/2"]
[WhiteElo "1840"]
[BlackElo "2002"]
[PlyCount "41"]
[EventDate "2010.10.16"]

1. e4 c5 2. Nc3 e6 3. Bc4 Nc6 4. d3 Nf6 5. Bg5 Be7 6. Qd2 d5 7. Bxf6 Bxf6 8.
exd5 Bxc3 9. Qxc3 Qg5 10. dxc6 Qxg2 11. cxb7 Bxb7 12. Bb5+ Kf8 13. Qxc5+ Kg8
14. O-O-O Qxh1 15. Qe7 Bc6 16. Ne2 Qf3 17. Bxc6 Qxc6 18. Rg1 Rc8 19. c3 Qf3 20.
Qd7 Ra8 21. Qd4 1/2-1/2

[Event "XXXII Festival A"]
[Site "Arco ITA"]
[Date "2010.10.18"]
[Round "3"]
[White "Rampini, Carlo"]
[Black "De Minico, Stefano"]
[Result "0-1"]
[WhiteElo "1791"]
[BlackElo "1921"]
[PlyCount "112"]
[EventDate "2010.10.16"]

1. Nf3 d5 2. d4 Nf6 3. Bf4 e6 4. Nbd2 c5 5. e3 Nc6 6. c3 Bd6 7. Bd3 Bxf4 8.
exf4 cxd4 9. cxd4 Qb6 10. Nb3 a5 11. a4 Qb4+ 12. Ke2 Ne4 13. Re1 O-O 14. Kf1 f5
15. Bb5 Bd7 16. Bxc6 Bxc6 17. Nc5 Rfe8 18. Nd3 Qc4 19. Kg1 Rac8 20. Nde5 Qb4
21. Nxc6 bxc6 22. Ne5 Qxb2 23. Re2 Qb4 24. Rb1 Qa3 25. Rb7 Nc3 26. Re3 Nxd1 27.
Rxa3 Rb8 28. Rab3 Rxb7 29. Rxb7 Nc3 30. Kf1 Rc8 31. Nd3 Nxa4 32. Rb3 c5 33.
dxc5 Nxc5 34. Rc3 Nxd3 35. Rxc8+ Kf7 36. g3 a4 37. Ke2 Nb2 38. Ra8 h6 39. f3 g5
40. g4 fxg4 41. fxg4 gxf4 42. Kf3 Nd3 43. Rxa4 e5 44. Ra6 e4+ 45. Ke2 f3+ 46.
Ke3 d4+ 47. Kd2 Ne5 48. h3 e3+ 49. Kd1 e2+ 50. Kd2 d3 51. Ke1 Ng6 52. g5 hxg5
53. Ra7+ Kf6 54. Ra6+ Kf5 55. Ra5+ Kf4 56. Ra4+ Ke3 0-1

[Event "XXXII Festival A"]
[Site "Arco ITA"]
[Date "2010.10.18"]
[Round "3"]
[White "Rizzo, Giuseppe"]
[Black "Tomassoni, Leonardo"]
[Result "1-0"]
[WhiteElo "1659"]
[BlackElo "1935"]
[PlyCount "31"]
[EventDate "2010.10.16"]

1. d4 d5 2. Nf3 Nf6 3. c3 e6 4. Bf4 Nbd7 5. Nbd2 h6 6. h3 Be7 7. e3 a6 8. Bd3
Nh5 9. Bh2 O-O 10. Qe2 f5 11. g4 fxg4 12. hxg4 Nhf6 13. g5 hxg5 14. Nxg5 Nb6
15. Be5 Ne4 16. Rh8+ 1-0

[Event "XXXII Festival A"]
[Site "Arco ITA"]
[Date "2010.10.18"]
[Round "3"]
[White "Roversi, Stefano"]
[Black "Kaczur, Florian"]
[Result "0-1"]
[WhiteElo "1859"]
[BlackElo "2035"]
[PlyCount "56"]
[EventDate "2010.10.16"]

1. e4 c5 2. Nf3 Nc6 3. Bb5 e6 4. O-O Nge7 5. Re1 a6 6. Bf1 d5 7. exd5 Nxd5 8.
d4 cxd4 9. Nxd4 Be7 10. Nxc6 bxc6 11. c4 Nb4 12. Qe2 c5 13. a3 Nc6 14. Nc3 O-O
15. Qe4 Bb7 16. Be3 g6 17. Bh6 Re8 18. Rad1 Qb6 19. h4 Rad8 20. Qg4 Rd4 21. f4
Red8 22. Re3 Qxb2 23. Ne2 Ne5 24. Qg3 Rd3 25. Rdxd3 Nxd3 26. h5 Nc1 27. hxg6
hxg6 28. Rxe6 Nxe2+ 0-1

[Event "XXXII Festival A"]
[Site "Arco ITA"]
[Date "2010.10.18"]
[Round "3"]
[White "Salati, Paolo"]
[Black "Ludwig, Timm"]
[Result "1-0"]
[WhiteElo "1861"]
[BlackElo "1670"]
[PlyCount "49"]
[EventDate "2010.10.16"]

1. e4 c5 2. Nf3 Nc6 3. d4 cxd4 4. Nxd4 g6 5. Nc3 Bg7 6. Be3 d6 7. Be2 Bd7 8.
Qd2 Rc8 9. O-O Qa5 10. Rfd1 Nf6 11. Nb3 Qd8 12. f3 O-O 13. Bh6 Ne5 14. Bxg7
Kxg7 15. Qd4 Nc6 16. Qe3 h5 17. Rd2 a6 18. Rad1 Qc7 19. Qg5 Qb6+ 20. Kf1 Be6
21. Nd5 Bxd5 22. exd5 Ne5 23. Nd4 Ng8 24. Nf5+ Kh7 25. Nxe7 1-0

[Event "XXXII Festival A"]
[Site "Arco ITA"]
[Date "2010.10.18"]
[Round "3"]
[White "Schaberg, Wolfgang"]
[Black "Tovazzi, Maurizio"]
[Result "1/2-1/2"]
[WhiteElo "1941"]
[BlackElo "1739"]
[PlyCount "46"]
[EventDate "2010.10.16"]

1. e4 e5 2. Nf3 Nc6 3. Bb5 d6 4. d4 exd4 5. Nxd4 Bd7 6. Nc3 Nxd4 7. Bxd7+ Qxd7
8. Qxd4 Ne7 9. Bf4 Nc6 10. Qe3 f6 11. O-O-O Qe6 12. Nd5 O-O-O 13. Rhe1 g5 14.
Bg3 h5 15. f3 Bh6 16. Kb1 Rde8 17. Qc3 Bg7 18. a4 h4 19. Bf2 Qf7 20. b4 f5 21.
Qc4 Ne5 22. Qd4 Nc6 23. Qc4 Ne5 1/2-1/2

[Event "XXXII Festival A"]
[Site "Arco ITA"]
[Date "2010.10.18"]
[Round "3"]
[White "Schuetzler, Bernd"]
[Black "De Bettin, Sergio"]
[Result "1/2-1/2"]
[WhiteElo "1707"]
[BlackElo "1825"]
[PlyCount "48"]
[EventDate "2010.10.16"]

1. e4 c6 2. d4 d5 3. exd5 cxd5 4. c4 e6 5. Nc3 Nf6 6. Bg5 Be7 7. Nf3 O-O 8. Bd3
dxc4 9. Bxc4 a6 10. O-O b5 11. Bb3 Bb7 12. d5 Nxd5 13. Bxd5 Bxd5 14. Bxe7 Qxe7
15. Nxd5 exd5 16. Qxd5 Ra7 17. Rfe1 Qb7 18. Qxb7 Rxb7 19. Rad1 Nc6 20. Rd6 Nb4
21. a3 Nc2 22. Rc1 b4 23. a4 b3 24. Rxa6 Rd8 1/2-1/2

[Event "XXXII Festival A"]
[Site "Arco ITA"]
[Date "2010.10.18"]
[Round "3"]
[White "Sigillo, Carmelo"]
[Black "Roessner, Uwe"]
[Result "0-1"]
[WhiteElo "1807"]
[BlackElo "1902"]
[PlyCount "98"]
[EventDate "2010.10.16"]

1. e4 d6 2. d4 Nf6 3. Nc3 e5 4. Nf3 exd4 5. Nxd4 Be7 6. Bf4 O-O 7. Qd2 Nc6 8.
O-O-O Nxd4 9. Qxd4 a6 10. f3 b5 11. e5 dxe5 12. Qf2 Nd7 13. Bxe5 Bf6 14. Bxf6
Qxf6 15. Nd5 Qd6 16. Bd3 Re8 17. Qh4 h6 18. Be4 Rb8 19. Rhe1 Kh8 20. Qh5 Ne5
21. g4 Qd8 22. h4 c6 23. Ne3 Qf6 24. g5 Qf4 25. Kb1 Nxf3 26. Qxf3 Qxe4 27. Qxe4
Rxe4 28. Rd8+ Kh7 29. Ng2 Rxe1+ 30. Nxe1 hxg5 31. hxg5 Kg6 32. Nf3 Bg4 33. Ne5+
Kf5 34. Rxb8 Kxe5 35. Rb7 Be6 36. g6 fxg6 37. Rxg7 Kf5 38. Kc1 g5 39. Kd2 Kf4
40. Ke2 Bd5 41. Kf2 a5 42. a4 bxa4 43. Ra7 Be4 44. c3 g4 45. Rxa5 g3+ 46. Kg1
Bc2 47. Rc5 Ke3 48. Rxc6 Kd2 49. Kg2 Be4+ 0-1

[Event "XXXII Festival A"]
[Site "Arco ITA"]
[Date "2010.10.18"]
[Round "3"]
[White "Sigmund, Ingenuin"]
[Black "Moratto, Davide"]
[Result "0-1"]
[WhiteElo "1801"]
[BlackElo "1854"]
[PlyCount "74"]
[EventDate "2010.10.16"]

1. e4 c6 2. d4 g6 3. c4 Bg7 4. Nc3 e6 5. Nf3 d5 6. e5 f6 7. Bf4 g5 8. Nxg5 fxg5
9. Qh5+ Kf8 10. Bxg5 Qe8 11. Qd1 Qg6 12. h4 h6 13. Bd3 Qf7 14. Be3 h5 15. Rh3
Ne7 16. g4 hxg4 17. Qxg4 Qh5 18. Rg3 Qxg4 19. Rxg4 Bh6 20. O-O-O dxc4 21. Bxc4
b5 22. Bb3 a5 23. Ne4 Nf5 24. Bg5 Ra7 25. Nc5 Bxg5+ 26. hxg5 Re7 27. Ne4 Na6
28. g6 Rg7 29. Nf6 Rh6 30. Rdg1 a4 31. Bc2 Nb4 32. a3 Nxc2 33. Kxc2 Ne7 34.
Nh7+ Ke8 35. Rf4 Nxg6 36. Rf8+ Nxf8 37. Rxg7 Rxh7 0-1

[Event "XXXII Festival A"]
[Site "Arco ITA"]
[Date "2010.10.18"]
[Round "3"]
[White "Sprea, Giuseppe"]
[Black "Karl, Hans"]
[Result "0-1"]
[WhiteElo "1982"]
[BlackElo "2211"]
[PlyCount "79"]
[EventDate "2010.10.16"]

1. c4 e5 2. Nc3 d6 3. Nf3 Nf6 4. e3 c6 5. Qc2 Qc7 6. d4 Be7 7. Be2 Bg4 8. Ng5
Bxe2 9. Qxe2 Nbd7 10. dxe5 dxe5 11. O-O h6 12. Nge4 O-O 13. b3 Nxe4 14. Nxe4 f5
15. Nc3 e4 16. Bb2 Ne5 17. f3 exf3 18. gxf3 Rad8 19. Rad1 Rxd1 20. Rxd1 Rd8 21.
Rxd8+ Qxd8 22. Nd5 Bd6 23. Bxe5 Bxe5 24. Nf4 Bxf4 25. exf4 Qd4+ 26. Kg2 Qxf4
27. Qe8+ Kh7 28. Qe2 a5 29. a4 Qg5+ 30. Kh1 h5 31. Qe5 h4 32. h3 g6 33. Qc7+
Kh6 34. Qb8 Qc1+ 35. Kg2 Qd2+ 36. Kg1 Kg5 37. f4+ Qxf4 38. Qd8+ Kh5 39. Qh8+
Qh6 40. Kf1 0-1

[Event "XXXII Festival A"]
[Site "Arco ITA"]
[Date "2010.10.18"]
[Round "3"]
[White "Stolfa, Rodolfo"]
[Black "Bortolotti, Silvano"]
[Result "0-1"]
[WhiteElo "1876"]
[BlackElo "1778"]
[PlyCount "72"]
[EventDate "2010.10.16"]

1. d4 d5 2. c4 Nc6 3. cxd5 Qxd5 4. Nf3 Bg4 5. Nc3 Qd7 6. e3 Nf6 7. Bb5 a6 8.
Qa4 Bxf3 9. gxf3 e6 10. a3 Be7 11. e4 O-O 12. Bxc6 Qxc6 13. Qxc6 bxc6 14. Be3
Nd7 15. O-O c5 16. d5 Ne5 17. f4 Nc4 18. Bc1 Rab8 19. Rb1 Rb3 20. Rd1 Rfb8 21.
dxe6 fxe6 22. Be3 Kf8 23. f5 exf5 24. exf5 Nxe3 25. fxe3 Rxb2 26. Kf1 c4 27.
Rbc1 Rxh2 28. Nd5 Bxa3 29. Ra1 Bd6 30. Kg1 c6 31. Nf4 Bxf4 32. exf4 Rh5 33. Rf1
c3 34. Rac1 Rb3 35. Kg2 Rxf5 36. Kf3 c5 0-1

[Event "XXXII Festival A"]
[Site "Arco ITA"]
[Date "2010.10.18"]
[Round "3"]
[White "Thonig, Manfred"]
[Black "De Polzer, Manfredi"]
[Result "0-1"]
[WhiteElo "1607"]
[BlackElo "1809"]
[PlyCount "98"]
[EventDate "2010.10.16"]

1. f4 d5 2. Nf3 c5 3. e3 Nc6 4. Bb5 Bd7 5. O-O Nf6 6. b3 a6 7. Bxc6 Bxc6 8. a4
e6 9. Ne5 Rc8 10. Ba3 Be7 11. d3 O-O 12. Nd2 b5 13. Nxc6 Rxc6 14. Nf3 b4 15.
Ne5 Rd6 16. Bb2 a5 17. g4 Nd7 18. g5 f6 19. gxf6 Nxf6 20. Rf3 Qe8 21. Rh3 Nd7
22. Kh1 Nxe5 23. Bxe5 Rd7 24. Qg4 Bf6 25. Rg1 Bxe5 26. fxe5 g6 27. Rh5 Rg7 28.
e4 d4 29. Rg5 Rf2 30. h4 Qf7 31. h5 Qf3+ 32. Qxf3 Rxf3 33. Kg2 Rgf7 34. hxg6
Rf2+ 35. Kh1 hxg6 36. Rxg6+ Kf8 37. Rh6 Rxc2 38. Rh8+ Ke7 39. Rh6 Rb2 40. Rh3
Rxb3 41. Rc1 Rc3 42. Rb1 c4 43. Rd1 Ra3 44. Kg2 c3 45. Rh8 b3 46. Rb8 b2 47.
Rb7+ Kf8 48. Rb8+ Kg7 49. Kh3 Ra1 0-1

[Event "XXXII Festival A"]
[Site "Arco ITA"]
[Date "2010.10.18"]
[Round "3"]
[White "Trauth, Michael"]
[Black "Savoia, Sergio"]
[Result "1-0"]
[WhiteElo "2197"]
[BlackElo "1909"]
[PlyCount "117"]
[EventDate "2010.10.16"]

1. Nf3 d6 2. g3 e5 3. Bg2 f5 4. d3 Nf6 5. O-O Nc6 6. c4 g6 7. Nc3 Bg7 8. Rb1
O-O 9. b4 h6 10. b5 Ne7 11. c5 Kh8 12. Qb3 g5 13. Ba3 Ng6 14. cxd6 cxd6 15. Nd2
Qe7 16. Nc4 Rd8 17. Qb4 Bf8 18. Ne3 Be6 19. Ned5 Nxd5 20. Bxd5 Bxd5 21. Nxd5
Qf7 22. e4 f4 23. Rbc1 Rdc8 24. Qd2 h5 25. f3 a6 26. Nb6 Rxc1 27. Rxc1 Rd8 28.
bxa6 bxa6 29. Nd5 fxg3 30. Qxg5 Qxf3 31. hxg3 Qg4 32. Qxg4 hxg4 33. Rc7 Rb8 34.
Nf6 Be7 35. Nxg4 Rb1+ 36. Kf2 Ra1 37. Rc2 Rd1 38. Ke2 Rg1 39. Kf3 Rd1 40. Nf2
Ra1 41. Kg4 Kg7 42. Rd2 Rg1 43. Nh3 Re1 44. Ng5 Re3 45. Ne6+ Kf7 46. Nc7 a5 47.
Nd5 Re1 48. Rh2 Nf8 49. Rf2+ Ke8 50. Rb2 Nd7 51. Rh2 Rd1 52. Rh7 Bf8 53. Kf5
Rxd3 54. Ke6 Rxd5 55. exd5 Nb6 56. Rb7 Nc8 57. Bc1 Be7 58. Be3 Bd8 59. Rb8 1-0

[Event "XXXII Festival A"]
[Site "Arco ITA"]
[Date "2010.10.18"]
[Round "3"]
[White "Valenti, Giuseppe"]
[Black "Nemeth, Gergely"]
[Result "1-0"]
[WhiteElo "2162"]
[BlackElo "1889"]
[PlyCount "107"]
[EventDate "2010.10.16"]

1. e4 e6 2. d4 d5 3. Nc3 Nf6 4. Bg5 Be7 5. e5 Nfd7 6. Bxe7 Qxe7 7. Nf3 a6 8.
Bd3 c5 9. dxc5 Qxc5 10. O-O Nc6 11. Re1 h6 12. a3 O-O 13. Qe2 f6 14. exf6 Nxf6
15. Bg6 Ne7 16. Bd3 Nc6 17. Bg6 Ne7 18. Ne5 b5 19. h3 d4 20. Nb1 Nfd5 21. Nd3
Qd6 22. Be4 Bd7 23. Nd2 Rf7 24. Nf3 Nc6 25. Nde5 Re7 26. Nxc6 Bxc6 27. Nxd4 Nf4
28. Qe3 Bxe4 29. Qxe4 Rf8 30. Rad1 Qb6 31. Rd2 e5 32. Nf3 Qf6 33. Re3 Rc8 34.
a4 Qg6 35. Qxg6 Nxg6 36. axb5 axb5 37. Rd6 Kf7 38. c3 Rc5 39. b4 Rc4 40. Rxg6
Kxg6 41. Nxe5+ Rxe5 42. Rxe5 Rxc3 43. Rxb5 Rc7 44. g4 Kf6 45. Kg2 Ke6 46. Kg3
Kf6 47. h4 Rc3+ 48. f3 g5 49. Rb6+ Kg7 50. Rb7+ Kf6 51. h5 Rb3 52. b5 Rb4 53.
b6 Rb3 54. Rh7 1-0

[Event "XXXII Festival A"]
[Site "Arco ITA"]
[Date "2010.10.18"]
[Round "3"]
[White "Vaselli, Luciano"]
[Black "Wild, Katharina"]
[Result "1-0"]
[WhiteElo "1732"]
[BlackElo "1906"]
[PlyCount "67"]
[EventDate "2010.10.16"]

1. d4 d5 2. c4 c6 3. Nc3 e6 4. e3 Nf6 5. Nf3 Nbd7 6. Bd3 dxc4 7. Bxc4 b5 8. Bd3
a6 9. O-O Bb7 10. e4 Be7 11. e5 Nd5 12. Nxd5 cxd5 13. Be3 Nb6 14. b3 O-O 15.
Qd2 Qd7 16. Bg5 Rfc8 17. Rac1 Rxc1 18. Rxc1 Ba3 19. Rf1 a5 20. Qf4 Bc6 21. Qh4
g6 22. Bf6 Bf8 23. Ng5 h6 24. f4 Bg7 25. Rf3 Ra7 26. Rh3 h5 27. g4 Bxf6 28.
exf6 Qd8 29. Nf3 Nd7 30. Ne5 Nxe5 31. fxe5 Kf8 32. gxh5 gxh5 33. Qxh5 Ke8 34.
Rg3 1-0

[Event "XXXII Festival A"]
[Site "Arco ITA"]
[Date "2010.10.18"]
[Round "3"]
[White "Wagner, Frank"]
[Black "Cavatorta, Ivan"]
[Result "1/2-1/2"]
[WhiteElo "1919"]
[BlackElo "1815"]
[PlyCount "39"]
[EventDate "2010.10.16"]

1. Nf3 Nf6 2. g3 b6 3. Bg2 Bb7 4. O-O e6 5. d4 Be7 6. c4 O-O 7. Nc3 d6 8. Re1
Nbd7 9. e4 e5 10. d5 a5 11. Nh4 g6 12. Bf3 Ne8 13. Ng2 Bg5 14. h4 Bxc1 15. Qxc1
f5 16. exf5 gxf5 17. Kh2 e4 18. Be2 Ne5 19. Nf4 Bc8 20. Nh3 1/2-1/2

[Event "XXXII Festival A"]
[Site "Arco ITA"]
[Date "2010.10.18"]
[Round "3"]
[White "Welz, Peter"]
[Black "Bove, Alessandro"]
[Result "1/2-1/2"]
[WhiteElo "2156"]
[BlackElo "2397"]
[PlyCount "83"]
[EventDate "2010.10.16"]

1. e4 e6 2. d4 d5 3. e5 c5 4. c3 Nc6 5. Nf3 Bd7 6. a3 f6 7. b4 fxe5 8. dxe5 Qc7
9. Bf4 O-O-O 10. Bd3 Be7 11. bxc5 g5 12. Bg3 Rf8 13. Qe2 Nh6 14. Nbd2 Bxc5 15.
Nb3 Na5 16. Nxc5 Qxc5 17. O-O Nf7 18. Nd2 h5 19. h3 h4 20. Bh2 Kb8 21. c4 dxc4
22. Nxc4 Nxc4 23. Bxc4 Rc8 24. Bd3 Bc6 25. Be4 Bxe4 26. Qxe4 Qc2 27. Qf3 Nh6
28. Rab1 Qc6 29. Qxc6 Rxc6 30. f4 gxf4 31. Rxf4 Nf5 32. Rfb4 b6 33. a4 Rg8 34.
Rg4 Rgc8 35. Bf4 Rc4 36. a5 Kb7 37. Bg5 Ka6 38. axb6 axb6 39. Ra1+ Kb7 40. Rb1
Ka6 41. Ra1+ Kb7 42. Rb1 1/2-1/2

[Event "XXXII Festival A"]
[Site "Arco ITA"]
[Date "2010.10.18"]
[Round "3"]
[White "Wild, Helmut"]
[Black "Maddaloni, Giovanni"]
[Result "1/2-1/2"]
[WhiteElo "1955"]
[BlackElo "1801"]
[PlyCount "120"]
[EventDate "2010.10.16"]

1. c4 Nf6 2. Nc3 e5 3. Nf3 Nc6 4. g3 Bb4 5. Nd5 d6 6. Nxb4 Nxb4 7. a3 Nc6 8. d3
O-O 9. Bg2 a5 10. b3 h6 11. O-O Re8 12. Bb2 Bf5 13. e3 Qd7 14. Re1 Rad8 15. Qd2
Bh7 16. Qc3 d5 17. c5 d4 18. exd4 exd4 19. Rxe8+ Nxe8 20. Qd2 Qf5 21. b4 Qxd3
22. Qxd3 Bxd3 23. Rd1 Be2 24. Rd2 d3 25. b5 Ne7 26. Nd4 c6 27. Nxe2 dxe2 28.
Rxe2 Rd1+ 29. Bf1 Kf8 30. a4 Nd5 31. Kg2 Nec7 32. Rc2 Nb4 33. Be2 Rd8 34. Rc1
Rd2 35. Be5 Ncd5 36. Kf1 f6 37. Bd6+ Kf7 38. Bc4 Kg6 39. Ke1 Rb2 40. h4 Kf5 41.
Kf1 g5 42. hxg5 hxg5 43. Re1 Rd2 44. Kg2 Nd3 45. Bxd3+ Rxd3 46. Re8 Ra3 47. Rb8
Rxa4 48. Rxb7 cxb5 49. Rxb5 Ke6 50. Rb7 Ra2 51. Kf3 a4 52. Ra7 a3 53. Bf8 Ra1
54. c6 a2 55. Kg4 Ke5 56. Ra5 Kd4 57. Bg7 Rc1 58. Rxa2 Rxc6 59. Rd2+ Ke5 60.
Re2+ Kd4 1/2-1/2

[Event "XXXII Festival A"]
[Site "Arco ITA"]
[Date "2010.10.18"]
[Round "3"]
[White "Zangrando, Gianpietro"]
[Black "Carrozza, Gregorio"]
[Result "1/2-1/2"]
[WhiteElo "1822"]
[BlackElo "1667"]
[PlyCount "63"]
[EventDate "2010.10.16"]

1. c4 e6 2. Nc3 Nf6 3. g3 d5 4. Bg2 c6 5. b3 Nbd7 6. Nf3 Bd6 7. O-O O-O 8. Bb2
e5 9. cxd5 cxd5 10. Rc1 a6 11. e3 Re8 12. d3 Nb6 13. a4 Bg4 14. h3 Bxf3 15.
Bxf3 e4 16. Bg2 Rc8 17. dxe4 dxe4 18. Ne2 Qe7 19. Nd4 g6 20. Rxc8 Rxc8 21. Qa1
Nfd5 22. Rd1 Nb4 23. Bf1 N4d5 24. Bc4 Qg5 25. Ne2 Qh5 26. Bh8 Bf8 27. Nf4 Nxf4
28. exf4 Qf5 29. Be5 h5 30. h4 Qg4 31. Qb1 Bc5 32. Bd4 1/2-1/2

[Event "XXXII Festival A"]
[Site "Arco ITA"]
[Date "2010.10.18"]
[Round "3"]
[White "Ziltener, Werner"]
[Black "Galas, Franco"]
[Result "1-0"]
[WhiteElo "2116"]
[BlackElo "1794"]
[PlyCount "63"]
[EventDate "2010.10.16"]

1. d4 f5 2. c4 Nf6 3. h3 g6 4. g4 fxg4 5. hxg4 Nxg4 6. Qd3 d6 7. Nf3 Bf5 8. e4
Be6 9. Ng5 Bg8 10. Bh3 Nf6 11. Be6 Bxe6 12. Nxe6 Qd7 13. d5 Na6 14. Be3 b6 15.
Nc3 Nc5 16. Bxc5 bxc5 17. Nb5 Rc8 18. Nxa7 Rb8 19. b3 Rb6 20. Nb5 Rb7 21. Nc3
Nh5 22. Rxh5 gxh5 23. Qf3 Qc8 24. Qxh5+ Kd7 25. Qh3 Ke8 26. O-O-O Qa8 27. Kb2
h5 28. Rg1 Bh6 29. Qxh5+ Kd7 30. Qf5 Rg8 31. Nf8+ Ke8 32. Rxg8 1-0

[Event "XXXII Festival A"]
[Site "Arco ITA"]
[Date "2010.10.19"]
[Round "4"]
[White "Ager, Josef"]
[Black "Virzi, Ettore"]
[Result "1-0"]
[WhiteElo "2194"]
[BlackElo "2002"]
[PlyCount "95"]
[EventDate "2010.10.16"]

1. Nf3 Nf6 2. g3 g6 3. Bg2 Bg7 4. O-O O-O 5. d3 c5 6. Nc3 Nc6 7. a3 d6 8. Rb1
Rb8 9. b4 Ne8 10. Bd2 cxb4 11. axb4 Bd7 12. e3 Qc8 13. b5 Ne5 14. Nd4 Nf6 15.
f4 Neg4 16. Nce2 h5 17. c4 e5 18. Nc2 a5 19. Bxa5 exf4 20. gxf4 Re8 21. Bb6 Nh6
22. Ned4 Bh3 23. Bxh3 Qxh3 24. Qf3 Qd7 25. e4 Ra8 26. Ra1 Qe7 27. Ba5 Nd7 28.
Bc3 Nc5 29. Ne2 Qh4 30. Bxg7 Kxg7 31. Nb4 Ng4 32. h3 Rxa1 33. Rxa1 Nh6 34. Qe3
Nf5 35. Qf3 Nh6 36. Qg3 Qf6 37. Ra2 h4 38. Qg5 Qe6 39. Qxh4 f5 40. Nd4 Qf7 41.
exf5 Nxf5 42. Nxf5+ Qxf5 43. Qg4 Re3 44. Qxf5 gxf5 45. Ra7 Re2 46. d4 Ne6 47.
Rxb7+ Kh6 48. Re7 1-0

[Event "XXXII Festival A"]
[Site "Arco ITA"]
[Date "2010.10.19"]
[Round "4"]
[White "Aigner, Georg"]
[Black "Salati, Paolo"]
[Result "1-0"]
[WhiteElo "1986"]
[BlackElo "1861"]
[PlyCount "81"]
[EventDate "2010.10.16"]

1. e4 Nf6 2. e5 Nd5 3. d4 d6 4. Nf3 Bg4 5. Be2 Nc6 6. O-O e6 7. c4 Nb6 8. exd6
cxd6 9. d5 exd5 10. cxd5 Bxf3 11. Bxf3 Ne5 12. Re1 Be7 13. Be4 O-O 14. f4 Ned7
15. Nc3 Nf6 16. Bc2 Nbd7 17. Qf3 Re8 18. g4 Nf8 19. Be3 N6d7 20. Re2 a6 21. Ne4
Nb6 22. Ng3 Bf6 23. Bb3 g6 24. Ne4 Bg7 25. Rf1 Rc8 26. f5 Be5 27. fxg6 fxg6 28.
Qf7+ Kh8 29. Bg5 Qd7 30. Bf6+ Bxf6 31. Qxf6+ Kg8 32. Qf4 Rxe4 33. Rxe4 Rd8 34.
Rfe1 Nc8 35. h3 b5 36. Qf6 Qc7 37. Re7 Nxe7 38. Rxe7 Qc1+ 39. Kf2 Qd2+ 40. Kg3
Qh6 41. g5 1-0

[Event "XXXII Festival A"]
[Site "Arco ITA"]
[Date "2010.10.19"]
[Round "4"]
[White "Basso, Pier Luigi"]
[Black "Schaberg, Wolfgang"]
[Result "1-0"]
[WhiteElo "1779"]
[BlackElo "1941"]
[PlyCount "51"]
[EventDate "2010.10.16"]

1. e4 c5 2. Nf3 d6 3. d4 cxd4 4. Nxd4 Nf6 5. Nc3 a6 6. Bg5 e6 7. f4 Be7 8. Qf3
Qc7 9. g4 Nc6 10. O-O-O Nxd4 11. Rxd4 b5 12. f5 Bb7 13. fxe6 fxe6 14. Bxf6 Bxf6
15. Bxb5+ axb5 16. Nxb5 Qb6 17. Nxd6+ Ke7 18. Rd3 Qxb2+ 19. Kd2 Bg5+ 20. Ke1
Rhf8 21. Qg3 Rxa2 22. Nf5+ Rxf5 23. Qc7+ Kf6 24. Qd8+ Ke5 25. Qd6+ Kxe4 26.
Qxe6+ 1-0

[Event "XXXII Festival A"]
[Site "Arco ITA"]
[Date "2010.10.19"]
[Round "4"]
[White "Billio, Atto"]
[Black "Dalponte, Dino"]
[Result "1/2-1/2"]
[WhiteElo "2138"]
[BlackElo "2141"]
[PlyCount "36"]
[EventDate "2010.10.16"]

1. c4 f5 2. Nf3 Nf6 3. g3 e6 4. Bg2 Be7 5. b3 O-O 6. O-O d6 7. d4 Ne4 8. Bb2
Nd7 9. Nbd2 Ndf6 10. Ne1 Ng5 11. Nd3 c6 12. f3 Qe8 13. Nf2 Nf7 14. f4 d5 15. c5
Nh6 16. e3 Nhg4 17. Nxg4 Nxg4 18. Qe2 b6 1/2-1/2

[Event "XXXII Festival A"]
[Site "Arco ITA"]
[Date "2010.10.19"]
[Round "4"]
[White "Blasco, Domenico"]
[Black "Proietti, Tosca"]
[Result "1/2-1/2"]
[WhiteElo "1961"]
[BlackElo "1840"]
[PlyCount "46"]
[EventDate "2010.10.16"]

1. d4 Nf6 2. Nf3 g6 3. e3 Bg7 4. Be2 O-O 5. O-O d5 6. b4 a5 7. b5 c5 8. bxc6
bxc6 9. Ba3 Ba6 10. Nbd2 Re8 11. Ne5 Bxe2 12. Qxe2 Nfd7 13. Nxd7 Nxd7 14. Rab1
e5 15. Qd3 exd4 16. exd4 Qe7 17. c3 c5 18. dxc5 Nxc5 19. Qxd5 Rad8 20. Qxc5
Qxc5 21. Bxc5 Rxd2 22. Bd4 Bxd4 23. cxd4 Rxd4 1/2-1/2

[Event "XXXII Festival A"]
[Site "Arco ITA"]
[Date "2010.10.19"]
[Round "4"]
[White "Bortolotti, Silvano"]
[Black "Borries, Barbara"]
[Result "1/2-1/2"]
[WhiteElo "1778"]
[BlackElo "1904"]
[PlyCount "93"]
[EventDate "2010.10.16"]

1. e4 e6 2. d4 d5 3. Nc3 Bb4 4. e5 Ne7 5. f4 c5 6. Bd2 a6 7. a3 Bxc3 8. bxc3
cxd4 9. cxd4 Nbc6 10. Nf3 O-O 11. Bd3 Bd7 12. Bxh7+ Kh8 13. Bd3 g6 14. c3 Kg7
15. f5 exf5 16. Bg5 Rg8 17. O-O Rc8 18. Bf6+ Kf8 19. Qd2 Be6 20. Ng5 Ke8 21.
Nh7 Qa5 22. Rab1 b5 23. Bxe7 Kxe7 24. Qg5+ Kd7 25. Nf6+ Kc7 26. Nxg8 Rxg8 27.
Qc1 Rc8 28. Qb2 Kd7 29. Qb3 Qb6 30. a4 Nxe5 31. Be2 Nc4 32. Bxc4 Rxc4 33. axb5
axb5 34. Qxb5+ Qxb5 35. Rxb5 Rxc3 36. Rd1 Ke7 37. Rc5 Ra3 38. Rd2 g5 39. g3 Kf6
40. Rc1 g4 41. Rf1 Kg5 42. Kg2 Bd7 43. Rf4 Bb5 44. Rdf2 Bd3 45. Rd2 Be4+ 46.
Kg1 Ra1+ 47. Rf1 1/2-1/2

[Event "XXXII Festival A"]
[Site "Arco ITA"]
[Date "2010.10.19"]
[Round "4"]
[White "Brunetti, Marco"]
[Black "Nanni, Sergio"]
[Result "1-0"]
[WhiteElo "1838"]
[BlackElo "1698"]
[PlyCount "73"]
[EventDate "2010.10.16"]

1. e4 e5 2. d4 exd4 3. c3 dxc3 4. Bc4 cxb2 5. Bxb2 d5 6. Bxd5 Nf6 7. Bxf7+ Kxf7
8. Qxd8 Bb4+ 9. Qd2 Bxd2+ 10. Nxd2 Re8 11. f3 Nc6 12. Rc1 Nd5 13. a3 Nf4 14.
Rc2 Nxg2+ 15. Kf2 Nf4 16. Bc3 Be6 17. Ne2 Nxe2 18. Kxe2 Rad8 19. Ke3 g5 20. h4
g4 21. fxg4 Bxg4 22. Rf1+ Kg8 23. Nf3 Rd7 24. Rg2 h5 25. Nh2 Ne5 26. Rf5 Rd3+
27. Kf4 Kh7 28. Bxe5 Bxf5 29. exf5 Rd7 30. Nf3 c5 31. Rg6 Rxe5 32. Ng5+ Kh8 33.
Kxe5 c4 34. Ne4 Rd3 35. Nf6 Rd8 36. Ke6 c3 37. Kf7 1-0